| 000 | 00957nam a22002175i 4500 | ||
|---|---|---|---|
| 001 | 166341 | ||
| 003 | ES-MaACL | ||
| 005 | 20250809025048.0 | ||
| 008 | 990628s1872 fr |||| | fre d | ||
| 040 |
_aCCPB | B _bspa _cCCPB | B |
||
| 100 | 1 |
_aTissot, Claude Joseph. _9133273 |
|
| 245 | 1 | 0 |
_aPrincipes du droit public / _cpar J. Tissot. |
| 260 |
_aParis : _bMarescq Ainé, libraire-éditeur, _c1872. |
||
| 300 |
_a2 v. ; _c22 cm. |
||
| 505 | 8 | _aContiene : Première partie : Introduction philosophique a l'étude du Droit Constitutionnel -- Seconde partie : Introduction philosophique a l'étude du Droit International | |
| 650 | 7 |
_aDerecho internacional público _2embne _911723 |
|
| 752 |
_aFrancia - _dParís |
||
| 852 |
_aES-MaACL _jG-12769-12770 _z-- Enc. hol. |
||
| 852 |
_aES-MaACL _jD-4584 _z-- Enc. hol. _q-- Sólo t.I (XXXIX, 636 p.) _x-- Edic.: En verso de la antep. consta el imp.: Dijon : Imprimerie Rabutot |
||
| 999 |
_c166341 _d166341 |
||